Osteoporóza pri chronickej obštrukčnej chorobe pľúc

Bibliographic Details
Main Authors: Lazúrová, Ivica, 1958- (Author), Pobeha, P. (Author), Tkáčová, R. (Author)
Format: Article
Language:Slovak

MARC

LEADER 00000nab a2200000uu 4500
001 vtls011150974
003 SK-MaSNL
005 20260303121341.0
008 230131|2010 xo |||||||||||||||||slo|
015 |a SNBRB 
035 |a (urnnbn)urn:nbn:sk:snk:ar-a0a0pt 
035 |a (uuid)fe99cfe0-8622-4dad-8423-0c4522d2ea44 
035 |a urn:nbn:sk:snk-abb0i7 
040 |a SNKBUCL  |b slo  |c SNKBUCL  |e AACR2 
041 0 |a slo 
044 |a xo  |c SK 
100 1 |a Lazúrová, Ivica,  |d 1958-  |4 aut  |9 203142 
245 1 0 |a Osteoporóza pri chronickej obštrukčnej chorobe pľúc  |c I. Lazúrová, P. Pobeha, R. Tkáčová 
700 1 |a Pobeha, P.  |4 aut  |9 1134922 
700 1 |a Tkáčová, R.  |4 aut  |9 1129852 
773 0 |t Vnitřní lékařství : časopis Internistické sekce Československé lékařské společnosti J. E. Purkyně  |g Roč. 56, č. 11 (2010), s. 1142-1149 
954 |a odborná, vedecká literatúra pôvodná (slovenská)  |2 lita 
958 |a OND 
958 |a EUIPO 
958 |a article14 
999 |c 1914921  |d 1916851